Szereg homologiczny alkoholi - Statystyki

Ogólne statystyki
  • Ten quiz został rozwiązany 76 razy
  • Średni wynik to 8 z 10
Statystyki odpowiedzi
Nazwa alkoholu % Poprawnych
etanol
100%
metanol
100%
butanol
98%
propanol
98%
pentanol
87%
oktanol
73%
heksanol
72%
dekanol
68%
heptanol
65%
nonanol
63%
Nie znaleziono quizów pasujących do podanych kryteriów
Rozkład punktacji
Procent ludzi z każdym wynikiem
Percentyl według liczby udzielonych odpowiedzi
Twoja historia wyników
Nie rozwiązałeś tego quizu